Enfermedades de los bovinos /

Guardado en:
Autor Principal: De Diego, Alberto I.
Formato: Libro
Publicado: Buenos Aires : Hemisferio Sur, 1991
Materias:
Etiquetas: Agregar Etiqueta
Sin Etiquetas, Sea el primero en etiquetar este registro!
LEADER 00746nam a22002175a 4500
001 CEM.cems017594
005 20110518111254.0
008 130507s1991##################000#0#####d
003 CEMS
020 |a 9505044607 
082 0 4 |a 636.2089 
100 1 |a De Diego, Alberto I. 
245 1 0 |a Enfermedades de los bovinos /  |c Alberto I. de Diego 
260 |a Buenos Aires :  |b Hemisferio Sur,  |c 1991 
300 |a 72 p. 
505 0 |a Micobacteriosis / Alberto I. De Diego -- Paratuberculosis / María E. Cicuta de Gallardo -- Lepra / Alberto I. De Diego 
653 |a Bovinos-enfermedades 
653 |a Bovinos-micobacteriosis 
653 |a Bovinos-paratuberculosis 
653 |a Bovinos-lepra 
859 |a CEMS  |b BIB. CEMS - Agricultura  |h 636.2089  |i D563  |p A1367.11  |t Ej.1